| 000 | 00575nam a2200181Ia 4500 | ||
|---|---|---|---|
| 008 | 090124s9999 xx 000 0 und d | ||
| 082 |
_b14411 _a2038 |
||
| 100 | _aपंडित नलिनी | ||
| 245 | _a जातिवाद आणि वर्गवाद | ||
| 250 | _a1 | ||
| 260 | _c1965 | ||
| 300 | _a155 | ||
| 600 | _aपंडित नलिनी | ||
| 630 | _a जातिवाद आणि वर्गवाद | ||
| 700 | _aपंडित नलिनी | ||
| 730 | _a जातिवाद आणि वर्गवाद | ||
| 942 | _cBOOK | ||
| 999 |
_c128351 _d128351 |
||